Giáo trình điện kỹ thuật : Dùng cho các trường đào tạo hệ Cao đẳng nghề và Trung cấp nghề

Trình bày về mạch điện, dòng điện xoay chiều, từ trường - cảm ứng điện từ và máy điện, kèm theo bài tập ở mỗi phần

Na minha lista:
Detalhes bibliográficos
Formato: Livro
Idioma:Undetermined
Publicado em: Hà Nội Giáo dục Việt Nam 2010
Assuntos:
Tags: Adicionar Tag
Sem tags, seja o primeiro a adicionar uma tag!
Thư viện lưu trữ: Trung tâm Học liệu Trường Đại học Cần Thơ
LEADER 00859nam a2200205Ia 4500
001 CTU_176993
008 210402s9999 xx 000 0 und d
020 |c 27000 
082 |a 621.3 
082 |b Gi108 
245 0 |a Giáo trình điện kỹ thuật : 
245 0 |b Dùng cho các trường đào tạo hệ Cao đẳng nghề và Trung cấp nghề 
245 0 |c Phạm Văn Minh,...[et al.] 
260 |a Hà Nội 
260 |b Giáo dục Việt Nam 
260 |c 2010 
520 |a Trình bày về mạch điện, dòng điện xoay chiều, từ trường - cảm ứng điện từ và máy điện, kèm theo bài tập ở mỗi phần 
650 |a Electric engineering,Kỹ thuật điện 
904 |i Hải 
980 |a Trung tâm Học liệu Trường Đại học Cần Thơ